Central Library OPAC University of Rajshahi

Educational psychology, its problems and methods / (Record no. 48473)

MARC details
000 -LEADER
fixed length control field 00867nam a2200265 a 4500
001 - CONTROL NUMBER
control field 48473
003 - CONTROL NUMBER IDENTIFIER
rucl marc code BD-RjUL
005 - DATE AND TIME OF LATEST TRANSACTION
control field 20211209054530.0
008 - FIXED-LENGTH DATA ELEMENTS--GENERAL INFORMATION
fixed length control field 160814s1950 enk b 000 0 eng
035 ## - SYSTEM CONTROL NUMBER
System control number (BD-RjUL)48592
System control number (OCoLC)8911115
040 ## - CATALOGING SOURCE
Original cataloging agency DLC
Transcribing agency ICarbS
Modifying agency Uk
-- DLC
-- BD-RjUL
Language of cataloging eng
041 ## - LANGUAGE CODE
Language code of text/sound track or separate title eng
082 ## - DEWEY DECIMAL CLASSIFICATION NUMBER
Classification number 370.15
Author mark and year FOE 1950
100 1# - MAIN ENTRY--PERSONAL NAME
Personal name Fox, Charles,
Dates associated with a name 1876-1964.
9 (RLIN) 146567
245 10 - TITLE STATEMENT
Title Educational psychology, its problems and methods /
Statement of responsibility, etc. Charles Fox.
250 ## - EDITION STATEMENT
Edition statement 4th ed., completely rev. and rewritten.
260 ## - PUBLICATION, DISTRIBUTION, ETC. (IMPRINT)
Place of publication, distribution, etc. London:
Name of publisher, distributor, etc. Routledge & Paul,
Date of publication, distribution, etc. 1950
300 ## - PHYSICAL DESCRIPTION
Pagination viii, 388 p. :
Illustrations diagrs.
Size 23 cm.
504 ## - BIBLIOGRAPHY, ETC. NOTE
Bibliography, etc "References": p. 369-380.
650 #0 - SUBJECT ADDED ENTRY--TOPICAL TERM
Topical term or geographic name as entry element Educational psychology.
9 (RLIN) 146569
942 ## - ADDED ENTRY ELEMENTS (KOHA)
Source of classification or shelving scheme Dewey Decimal Classification
Koha item type Books
Holdings
Lost status Source of classification or shelving scheme Damaged status Not for loan Collection code Permanent Location Current Location Shelving location Date acquired Source of acquisition Cost, normal purchase price Total Checkouts Full call number Date last seen Copy number Koha item type
  Dewey Decimal Classification     Non-fiction Central Library, University of Rajshahi Central Library, University of Rajshahi   02/02/1956 A.B.C. 18.11   370.15 FOE 1950 14/08/2016 C-2 Books
  Dewey Decimal Classification   Not For Loan Non-fiction Central Library, University of Rajshahi Central Library, University of Rajshahi Reading Room 07/02/1955 U.B, Raj. 14.60   370.15 FOE 1950 31/12/2016 C-1 Books